000 00864nam a2200313 a 4500
001 000114667
003 CHAP
005 20220329144452.0
008 180316s1982 mx a |r| |||0|||spa d
010 _a111128
011 _a112100
020 _a968230069X
040 _cCHAP
082 0 4 _a301.444
_bC11 1982
245 0 0 _aCaciquismo y poder político en el México rural /
_cpor Roger Bartra ...[et al.].
250 _a6 ed.
260 _aMéxico, D. F. :
_bSiglo XXI,
_c1982.
300 _a203 p. :
_bil.
490 1 _aSociología y política
590 _aE6096MTM
_b05
_c20180316
_lUCH01
_h0931
650 1 4 _aCampesinado.
_917993
650 1 4 _aClases sociales.
_923673
650 1 4 _aSociología rural.
_9108215
700 0 _aBartra, Roger.
_910652
830 0 _aSociología y política
_9108249
901 _aBK
942 _cLIBRO
942 _n0
999 _c111128
_d111128